NOTHING Products - Statistics

General Stats
  • This quiz has been taken 1 time
  • The average score is 3 of 10
Answer Stats
Year Announced Answer % Correct
2024 Ear
100%
2021 Ear (1)
100%
2023 Ear (2)
100%
2023 Beer (5.1%)
0%
2024 Ear (a)
0%
2022 Ear (stick)
0%
2023 Nothing Chats
0%
2022 Phone (1)
0%
2023 Phone (2)
0%
2024 Phone (2a)
0%
No matching quizzes found
Score Distribution
Percent of People with Each Score
Percentile by Number Answered
Your Score History
You have not taken this quiz